Statistics for Landmarks of European Countries #3

Click here to take the quiz!

General Stats

  • This quiz has been taken 507 times
  • The average score is 15 of 20

Answer Stats

LandmarkCountry% Correct
Leaning Tower of PisaItaly
100%
Buckingham PalaceUnited Kingdom
100%
ParthenonGreece
95%
Casino de Monte-CarloMonaco
94%
Euro Disney ResorFrance
93%
Lenin's MausoleumRussia
93%
Sagrada FamíliaSpain
93%
Black ForestGermany
89%
Schönbrunn PalaceAustria
86%
Belfry of BrugesBelgium
83%
Nobel MuseumSweden
82%
Sistine ChapelVatican City
79%
Estádio do DragãoPortugal
77%
Fryderyk Chopin MuseumPoland
65%
CERNSwitzerland
65%
Kafka MuseumCzech Republic
56%
Tivoli GardensDenmark
54%
Diocletian's PalaceCroatia
39%
Bay of KotorMontenegro
36%
Kalemegdan FortressSerbia
26%

Score Distribution

Percentile by Number Answered

Percent of People with Each Score

Your Score History

You have not taken this quiz